000 005700000a22001810004500
003 MACL
005 20160316142640.0
008 160316b xxu||||| |||| 00| 0 eng d
040 _aMACL
_cMACL
041 _aHindi
082 _a934
100 _aश्री मथुरा प्रसाद दीक्षित
_946592
245 _aवैशाली
_bवैशाली का इतिहास
260 _bअभिनव प्रकाशन लिमिटेड
_aपटना
350 _a2
650 _aHistory
_946593
942 _cHIN
_k934
_2ddc
999 _c24228
_d24228